Statystyki dla Quiz o Rosji

Kliknij tutaj aby rozwiązać quiz!

Ogólne statystyki

  • Ten quiz został rozwiązany 227 razy
  • Średni wynik to 8 z 18

Statystyki odpowiedzi

PytanieOdpowiedź% Poprawnych
Kto jest
prezydentem Rosji?
Władimir Putin
99%
Co jest stolicą Rosji?Moskwa
87%
Jaki jest największy
pod względem powierzchni
lądowy sąsiad Rosji?
Chiny
74%
Jaki jest najmniejszy
pod względem powierzchni
lądowy sąsiad Rosji?
Estonia
66%
Która rosyjska
rzeka jest najdłuższa?
Wołga
62%
Ile jest stref
czasowych w Rosji?
11
61%
Jak nazywają się góry
na granicy Europy i Azji
leżące w Rosji
(oraz częściowo w Kazachstanie)?
Ural
58%
Jak nazywa się obwód,
z którym graniczy Polska?
kaliningradzki
55%
Jak nazywają się jednostki
podziału administracyjnego Rosji?
(czyli coś typu województwa)
obwód | republika
54%
Jaka jest pełna nazwa Rosji?Federacja Rosyjska
53%
Jaka jest najwyższa
góra Rosji?
Elbrus
31%
Jaka jest liczba ludności (w mln)?146
27%
Jakie jest trzecie
największe miasto w Rosji
pod względem liczby ludności?
Nowosybirsk
20%
Jakie jest czwarte
największe miasto w Rosji
pod względem liczby ludności?
Jekaterynburg
16%
Jakie jest największe
morze do którego dostęp ma Rosja?
Morze Beringa
15%
Największe miasto
pod względem liczby ludności
leżące za kołem podbiegunowym to:
Murmańsk
15%
Kto jest
premierem Rosji?
Michaił Miszustin
6%
Kto jest
przewodniczącym Dumy?
Wiaczesław Wołodin
3%

Rozkład punktacji

Percentyl według liczby udzielonych odpowiedzi

Procent ludzi z każdym wynikiem

Twoja historia wyników

Nie rozwiązałeś tego quizu